[Event "PNWCC Super G60 Mar Gp1"]
[Site "Chess.com INT"]
[Date "2021.03.27"]
[Round "3"]
[White "Tarjan, James Edward"]
[Black "Valdes Romero, Leonardo"]
[Result "1-0"]
[WhiteElo "2381"]
[BlackElo "2402"]
[PlyCount "63"]
[EventDate "2021.03.27"]
[EventType "swiss (rapid)"]
[EventRounds "6"]
[EventCountry "USA"]
[SourceTitle "CBM 201 Extra"]
[Source "ChessBase"]
[SourceDate "2021.05.31"]
[SourceVersion "1"]
[SourceVersionDate "2021.05.31"]
[SourceQuality "1"]

1. c4 d6 2. Nc3 Nf6 3. g3 e5 4. Bg2 Be7 5. e4 0-0 6. Nge2 c6 7. d3 a6 8. h3 b5 9. 0-0 Nbd7 10. Be3 Re8 11. Qd2 b4 12. Nd1 a5 13. f4 Bf8 14. Nf2 Nc5 15. Rad1 Bb7 16. g4 h6 17. Ng3 Ne6 18. f5 Nd4 19. h4 Nxg4 20. Nxg4 Qxh4 21. Nxh6+ gxh6 22. Kf2 f6 23. Rh1 Qg4 24. Nh5 Kf7 25. Rdg1 Qg8 26. Bf3 Qh8 27. Bxd4 exd4 28. Nf4 Qh7 29. Bh5+ Ke7 30. Bg6 Qh8 31. Bxe8 Kxe8 32. Ng6 1-0

[Event "PNWCC Super G60 Feb Gp1"]
[Site "Chess.com INT"]
[Date "2021.02.28"]
[Round "6"]
[White "Tarjan, James Edward"]
[Black "Talukdar, Rohan Shyam"]
[Result "1/2-1/2"]
[WhiteElo "2381"]
[BlackElo "2341"]
[PlyCount "140"]
[EventDate "2021.02.27"]
[EventType "swiss"]
[EventRounds "6"]
[EventCountry "USA"]
[SourceTitle "CBM 200 Extra"]
[Source "ChessBase"]
[SourceDate "2021.03.31"]
[SourceVersion "1"]
[SourceVersionDate "2021.03.31"]
[SourceQuality "1"]

1. e4 c5 2. Nf3 d6 3. c3 Nf6 4. h3 g6 5. Bd3 Bg7 6. Bc2 e5 7. d4 Qe7 8. 0-0 0-0 9. Re1 Nc6 10. Nbd2 h6 11. Nf1 Re8 12. d5 Nd8 13. b4 b6 14. bxc5 bxc5 15. Rb1 Rf8 16. Ne3 Nh5 17. Nc4 Qc7 18. Be3 Rb8 19. Rxb8 Qxb8 20. Qb1 Qc7 21. Qb5 Nb7 22. Rb1 f5 23. Qc6 Rf7 24. Qxc7 Rxc7 25. Bc1 Nf6 26. Nfd2 Kf8 27. f3 Ke7 28. Ba4 h5 29. Bc2 Bh6 30. Nb3 Bxc1 31. Rxc1 Bd7 32. Nba5 Nd8 33. Nxd6 Nxd5 34. exd5 Kxd6 35. Nc4+ Kxd5 36. Bb3 Ke6 37. Rd1 Kf6 38. Rd6+ Ne6 39. Ne3 Ke7 40. Ra6 Kf7 41. Nc4 Ke7 42. Nxe5 Bc8 43. Rc6 Rxc6 44. Nxc6+ Kd6 45. Nxa7 Ba6 46. a4 c4 47. Bd1 Kc5 48. Be2 Kb6 49. Nb5 Bxb5 50. axb5 Kxb5 51. Kf2 Nf4 52. Bf1 Nd5 53. Kg3 Kc5 54. Kh4 Nxc3 55. Kg5 Nd5 56. Bxc4 Kxc4 57. Kxg6 f4 58. Kxh5 Ne3 59. Kg5 Nxg2 60. h4 Kd5 61. h5 Ke6 62. Kg6 Nh4+ 63. Kg5 Ng2 64. Kg6 Nh4+ 65. Kg5 Nxf3+ 66. Kxf4 Ne5 67. h6 Kf6 68. h7 Ng6+ 69. Ke4 Kg7 70. h8Q+ Nxh8 1/2-1/2

[Event "PNWCC Super G60 Jan Gp1"]
[Site "Chess.com INT"]
[Date "2021.01.17"]
[Round "6"]
[White "Tarjan, James Edward"]
[Black "Woodward, Andy"]
[Result "1-0"]
[WhiteElo "2381"]
[BlackElo "1954"]
[PlyCount "89"]
[EventDate "2021.01.16"]
[EventType "swiss"]
[EventRounds "6"]
[EventCountry "USA"]
[SourceTitle "CBM 200 Extra"]
[Source "ChessBase"]
[SourceDate "2021.03.31"]
[SourceVersion "1"]
[SourceVersionDate "2021.03.31"]
[SourceQuality "1"]

1. d4 d5 2. c4 c6 3. e3 Nf6 4. Nc3 e6 5. b3 Bb4 6. Bb2 0-0 7. Bd3 Nbd7 8. a3 Bd6 9. c5 Bc7 10. f4 b6 11. cxb6 axb6 12. Nf3 c5 13. Nb5 Ba6 14. 0-0 Ne4 15. Qe2 Ndf6 16. Rac1 Bd6 17. a4 cxd4 18. Nfxd4 Bc5 19. b4 Bxb5 20. Bxb5 Bxd4 21. Bxd4 Qd6 22. Qb2 Rfc8 23. Rxc8+ Rxc8 24. Rc1 Rxc1+ 25. Qxc1 h5 26. Qb2 Qc7 27. Bd3 h4 28. h3 Ng3 29. Qc3 Qd7 30. b5 Ne8 31. Bxb6 g6 32. Qc6 Qe7 33. Bc5 Qd8 34. b6 Kh7 35. Kh2 Ng7 36. Qc7 Qa8 37. Qxf7 Qa5 38. Bd4 N3h5 39. Bxg6+ Kh6 40. Bxg7+ Nxg7 41. Qf6 Nh5 42. Bxh5+ Kh7 43. Bf7 Qa8 44. Qg6+ Kh8 45. Qh6# 1-0

[Event "PNWCC Thanksgiving op"]
[Site "Chess.com INT"]
[Date "2020.11.28"]
[Round "6"]
[White "Oberoi, Shelev"]
[Black "Tarjan, James Edward"]
[Result "1-0"]
[WhiteElo "2133"]
[BlackElo "2381"]
[PlyCount "103"]
[EventDate "2020.11.27"]
[EventType "swiss (rapid)"]
[EventRounds "9"]
[EventCountry "USA"]
[SourceTitle "CBM 199 Extra"]
[Source "ChessBase"]
[SourceDate "2021.01.31"]
[SourceVersion "1"]
[SourceVersionDate "2021.01.31"]
[SourceQuality "1"]

1. e4 e5 2. Nf3 Nc6 3. d4 exd4 4. Nxd4 Bb4+ 5. c3 Bc5 6. Be3 Bb6 7. Nf5 g6 8. Bxb6 axb6 9. Ne3 Nf6 10. f3 Qe7 11. c4 Qb4+ 12. Qd2 Qxd2+ 13. Nxd2 d6 14. Nd5 Nxd5 15. cxd5 Nd4 16. Bd3 b5 17. Kf2 c5 18. Nb3 Bd7 19. Nxd4 cxd4 20. Rhc1 Kd8 21. a3 Re8 22. Rc2 f5 23. Rac1 fxe4 24. Bxe4 b4 25. axb4 Ra2 26. Ke2 Bb5+ 27. Kd2 b6 28. b3 Ra8 29. Rc7 Re7 30. Rxe7 Kxe7 31. Rc7+ Kf6 32. f4 h5 33. Bd3 Ra2+ 34. Rc2 Rxc2+ 35. Bxc2 h4 36. Bd3 Bd7 37. Ke2 Bf5 38. Bxf5 Kxf5 39. Kf3 d3 40. g3 hxg3 41. hxg3 g5 42. fxg5 d2 43. Ke2 Kxg5 44. Kxd2 Kg4 45. Kd3 b5 46. Ke4 Kg5 47. Kf3 Kf5 48. g4+ Ke5 49. Ke3 Kxd5 50. Kf4 Ke6 51. Ke4 d5+ 52. Kd4 1-0